000 00462nam a2200169 i 4500
001 80328
003 ES-MaACL
005 20231222171840.0
007 t|
008 041027s1964 sp ||||1| spa d
100 1 _aHierro, José,
_d1922-2002
_963619
245 1 0 _aLibro de las alucinaciones /
_cJosé Hierro.
260 _aMadrid :
_bEditora Nacional,
_c1964.
300 _a98 p. ;
_c22 cm.
852 _aES-MaACL
_jC-25402
_bR.54260
999 _c80328
_d80328